00242nam a22001097a 4500020001500000082001500015100002100030245001600051260004700067300000800114650001000122 a8170522110 a303.66 SIV aSivananda, Swami aWorld Peace aUttarakhandbThe Divine Life Societyc1957 a167 aPeace